| 000 | 00445cam a2200169ua 4500 | ||
|---|---|---|---|
| 041 |
_aeng _h |
||
| 082 |
_a028.799 _bCOL/CH |
||
| 100 | _aCollocott, T C. | ||
| 245 | 0 | 0 |
_aChamber`s world gazetteer and geographical dictionary / _cT C Collocott. _hTextual Documents |
| 250 |
_a1 / _b. |
||
| 260 |
_aLondon : _bW & R Chambers Ltd , _c1961. |
||
| 300 | _a796 ; . | ||
| 504 | _a | ||
| 700 | 1 | _aThorne, J O . | |
| 942 | _cBK | ||
| 999 |
_c8513 _d8513 |
||